|
|
|
|
| LEADER |
00000cam a2200000 7i4500 |
| 001 |
0000004290 |
| 002 |
000004611 |
| 005 |
20011127.0 |
| 020 |
|
|
|a 9838783544
|
| 090 |
0 |
0 |
|a 676
|b STR
|
| 100 |
1 |
|
|a Stroud, Peter
|
| 245 |
1 |
0 |
|a Kertas
|c Peter Stroud ; illustrasi oleh Mike Lacey
|
| 260 |
|
|
|a Johor Bahru :
|b Penerbitan Pelangi ,
|c 1994
|
| 300 |
|
|
|a 23p. :
|b ill. ;
|c 17cm.
|
| 490 |
0 |
|
|a Pokok Pengetahuan 123
|
| 650 |
0 |
0 |
|a Paper
|x Juvenile literature
|
| 700 |
1 |
|
|a Lacey, Mike ,
|e illustrasi
|
| 999 |
|
|
|a 032232
|b BUKU
|c JUNIOR BOOKS
|e PERPUSTAKAAN KOMUNITI PETALING JAYA
|
| 999 |
|
|
|a 032233
|b BUKU
|c PINJAMAN
|e PERPUSTAKAAN KOMUNITI PETALING JAYA
|